000 00478nam a2200157 i 4500
001 42989
003 ES-MaACL
005 20230906160720.0
007 t|
008 030314q19001999sp ||||1| spa d
100 1 _aCastro, José.
_936865
245 1 3 _aLa nueva ciencia de comer y tratamiento completo de cocina vegetariana entrofológica /
_cpor José Castro.
260 _aBarcelona :
_bMaucci,
_c[19--?]
300 _a413 p. ;
_c22 cm.
852 _aES-MaACL
_jA-4956
_bR.16913
999 _c42989
_d42989